| LEADER |
01420ngm0a2200289 450 |
| 001 |
16845722 |
| 100 |
|
|
|a 20220110d2022 u u0frey01 ba
|
| 101 |
1 |
|
|a fre
|c ita
|
| 102 |
|
|
|a IT
|
| 200 |
0 |
|
|a Pain et chocolat
|d Pane e cioccolata
|f Franco Brusati, réal.
|g Franco Brusati, adapt. - Daniele Patucchi, comp. - Franco Brusati, Jaja Fiastri, Nino Manfredi, scénario - Nino Manfredi, Paolo Turco, Ugo d' Alessio, Tano Cimarosa, Gianfranco Barra, Giorgio Cerioni, ... [et al.] act.
|
| 207 |
|
1 |
|a
|
| 210 |
|
|
|a Arnouville-lès-Gonesse
|c Colored Films
|d 2022
|
| 215 |
|
|
|a 1 DVD (1 h 40 min) + 1 DVD blu-ray (1 h 46 min)
|c 1.85:1, 16/9, coul., (PAL), Son. (DTS-HD Master Audio 1.0; français; italien)
|
| 300 |
|
|
|a Langues principales : français, italien; Sous-titres : français
|
| 330 |
|
|
|a Nino, Italien déraciné vivant en Suisse, cherche désespérément du travail. Poursuivi par le mauvais sort, Nino l'immigré a bien du mal à assumer sa latinité.
|
| 700 |
|
0 |
|a Brusati
|b Franco
|4 370
|
| 702 |
|
0 |
|a Fiastri
|b Jaja
|4 690
|
| 702 |
|
0 |
|a Manfredi
|b Nino
|4 690
|
| 702 |
|
0 |
|a Patucchi
|b Daniele
|4 230
|
| 702 |
|
0 |
|a Turco
|b Paolo
|4 5
|
| 702 |
|
0 |
|a Alessio
|b Ugo d'
|4 5
|
| 702 |
|
0 |
|a Cimarosa
|b Tano
|4 5
|
| 702 |
|
0 |
|a Barra
|b Gianfranco
|4 5
|
| 702 |
|
0 |
|a Cerioni
|b Giorgio
|4 5
|
| 900 |
|
|
|a Film
|
| 901 |
|
|
|a Accessible au prêt
|
| 995 |
|
|
|a Bibliothèque
|c Bibliothèque
|f 00156008401960
|h 00156008401960
|k F BRU
|o p
|q a
|r gd
|e Bibliothèque
|